• AIU
  • Tony Wilmot Memorial Library

Prophecy in early Christianity and the ancient Mediterranean world (Record no. 5732)

MARC details
000 -LEADER
fixed length control field 00985nam a22002771a 4500
001 - CONTROL NUMBER
control field 3295723
005 - DATE AND TIME OF LATEST TRANSACTION
control field 20110718120749.0
008 - FIXED-LENGTH DATA ELEMENTS--GENERAL INFORMATION
fixed length control field 830503s1983 miu b 001 0 eng
010 ## - LIBRARY OF CONGRESS CONTROL NUMBER
LC control number 83008966
020 ## - INTERNATIONAL STANDARD BOOK NUMBER
International Standard Book Number 0802835848
035 ## - SYSTEM CONTROL NUMBER
-- (DLC) 83008966
040 ## - CATALOGING SOURCE
Original cataloging agency DLC
Transcribing agency DLC
Modifying agency DLC
050 00 - LIBRARY OF CONGRESS CALL NUMBER
Classification number BR115.P8
Item number A96 1983
082 00 - DEWEY DECIMAL CLASSIFICATION NUMBER
Classification number BR 115.P8A96 1983
Edition number 19
100 1# - MAIN ENTRY--PERSONAL NAME
Personal name Aune David E.
100 ## - MAIN ENTRY--PERSONAL NAME
Personal name Aune David E.
245 10 - TITLE STATEMENT
Title Prophecy in early Christianity and the ancient Mediterranean world
Statement of responsibility, etc David E. Aune
Medium [Text]
260 ## - PUBLICATION, DISTRIBUTION, ETC. (IMPRINT)
Name of publisher, distributor, etc William B. Eerdmans Publishing Company Grand Rapids, Michigan
Date of publication, distribution, etc c1983
300 ## - PHYSICAL DESCRIPTION
Extent xii, 522 p. ; 24 cm.
500 ## - GENERAL NOTE
General note Includes bibliography and indexes
504 ## - BIBLIOGRAPHY, ETC. NOTE
Bibliography, etc Includes bibliography and indexes
650 #0 - SUBJECT ADDED ENTRY--TOPICAL TERM
Topical term or geographic name as entry element Prophecy
General subdivision Christianity
-- History of doctrines
Chronological subdivision Early church, ca. 30-600
650 #0 - SUBJECT ADDED ENTRY--TOPICAL TERM
Topical term or geographic name as entry element Prophecy
General subdivision History.
906 ## - LOCAL DATA ELEMENT F, LDF (RLIN)
a 7
b cbc
c orignew
d 1
e ocip
f 19
g y-gencatlg
991 ## -
-- c-GenColl
-- BR115.P8
-- A96 1983
-- 00001792106
-- Copy 1
-- BOOKS
Holdings
Withdrawn status Lost status Source of classification or shelving scheme Damaged status Not for loan Collection code Home library Current library Shelving location Date acquired Cost, normal purchase price Total Checkouts Full call number Barcode Date last seen Price effective from Koha item type
    Library of Congress Classification     General Circulation AIU/NEGST - Tony Wilmot Memorial Library AIU/NEGST - Tony Wilmot Memorial Library General Stacks 10/21/2009 40.00   BR 115.P8A96 1983 R19523Y3232 10/03/2019 10/21/2009 Books